An Analytical Study on the Impact of the Evangelical Baptist Convention Schools Among the Paite Tribe in Manipur, India | (Record no. 7976)

MARC details
000 -LEADER
fixed length control field 00599nam a22001697a 4500
003 - CONTROL NUMBER IDENTIFIER
control field GBCCL
005 - DATE AND TIME OF LATEST TRANSACTION
control field 20241126110640.0
008 - FIXED-LENGTH DATA ELEMENTS--GENERAL INFORMATION
fixed length control field 181122b ||||| |||| 00| 0 eng d
040 ## - CATALOGING SOURCE
Transcribing agency GBC
082 ## - DEWEY DECIMAL CLASSIFICATION NUMBER
Classification number ARCH GBC-2007
Item number PAU
100 ## - MAIN ENTRY--PERSONAL NAME
Personal name Paukhansiam, T
9 (RLIN) 13920
245 ## - TITLE STATEMENT
Title An Analytical Study on the Impact of the Evangelical Baptist Convention Schools Among the Paite Tribe in Manipur, India |
Statement of responsibility, etc. T. Paukhansiam
260 ## - PUBLICATION, DISTRIBUTION, ETC.
Place of publication, distribution, etc. New Lamka:
Name of publisher, distributor, etc. Grace Bible College,
Date of publication, distribution, etc. 2007
300 ## - PHYSICAL DESCRIPTION
Extent 62 p.;
Dimensions 21 x 29 cm.
650 ## - SUBJECT ADDED ENTRY--TOPICAL TERM
Topical term or geographic name entry element Institutions
Form subdivision Evangelical Baptist Cpnvention
General subdivision Paite
Geographic subdivision Manipur
9 (RLIN) 13921
942 ## - ADDED ENTRY ELEMENTS (KOHA)
Source of classification or shelving scheme Dewey Decimal Classification
Koha item type Thesis
Holdings
Withdrawn status Lost status Source of classification or shelving scheme Damaged status Not for loan Home library Current Library Shelving location Date acquired Total checkouts Full call number Barcode Date last seen Copy number Price effective from Koha item type
    Dewey Decimal Classification     GRACE BIBLE COLLEGE GRACE BIBLE COLLEGE Archives 2018-11-22   ARCH GBC-2007 PAU 025100 2025-05-01 c.1 2018-11-22 Thesis
    Dewey Decimal Classification     GRACE BIBLE COLLEGE GRACE BIBLE COLLEGE Archives 2018-11-22   ARCH GBC-2007 PAU 025101 2025-05-01 c.2 2018-11-22 Thesis
© Grace Bible College Library 2025